000 01293nam a2200337 a 4500
001 000109973
003 CHAP
005 20220329144111.0
008 140616s2014 mx sm |||||||spa d
010 _a106435
011 _a107407
040 _cCHAP
090 _aTesis
100 1 _aGutiérrez Martínez, Juan Oliver
_9127446
245 1 0 _aConstrucción y evaluación de una máquina tratadora de semillas de maíz (Zea mays L.)
_h[En línea]
_cpor Juan Oliver Gutiérrez Martínez y Gelasio Velázquez Martínez.
260 _aChapingo, Méx. :
_bEl autor,
_c2014.
500 _aPara ver el contenido del material haga clic en la liga
502 _aTesis (Ing. Mecánico Agrícola ) -- UACH. Departamento de Ingeniería Mecánica Agrícola
590 _aBATCH-UPD
_b10
_c20141002
_lUCH01
_h0904
590 _aE11695DGD
_b10
_c20140626
_lUCH01
_h0909
590 _aE6096MTM
_b05
_c20140616
_lUCH01
_h1442
590 _aE6096MTM
_b05
_c20140616
_lUCH01
_h1443
650 1 4 _aEvaluación.
_938913
650 1 4 _aMaíz
_xSemilla.
_971059
650 1 4 _aMaquinaria agrícola
_xFabricación y comercio.
_971172
700 1 _aVelázquez Martínez, Gelasio
_9127447
856 _aFinding aid
_uhttp://10.13.5.2/tesis/sist109973.pdf
_zTeclea aquí
901 _aBK
942 _cTESIS
942 _n0
999 _c106435
_d106435